[Event "European Individual Championship - Reyk"]
[Site "Reykjavik, Iceland"]
[Date "2021.08.27"]
[Round "2.33"]
[White "Thorfinnsson, Bragi"]
[Black "Thybo, Jesper Sondergaard"]
[Result "0-1"]
[WhiteElo "2439"]
[BlackElo "2587"]
[PlyCount "52"]
[EventDate "2021.??.??"]

1. Nf3 {[%emt 0:08:48]} c5 {[%emt 0:02:24]} 2. c4 {[%emt 0:03:59]} Nc6 {
[%emt 0:00:47]} 3. Nc3 {[%emt 0:03:19]} Nf6 {[%emt 0:01:34]} 4. d4 {[%emt 0:03:
42]} cxd4 {[%emt 0:00:12]} 5. Nxd4 {[%emt 0:00:03]} e6 {[%emt 0:00:51]} 6. g3 {
[%emt 0:07:47]} Qb6 {[%emt 0:01:21]} 7. Ndb5 {[%emt 0:11:40]} Ne5 {[%emt 0:03:
16]} 8. Bf4 {[%emt 0:11:32]} Nfg4 {[%emt 0:02:29]} 9. Ne4 {[%emt 0:05:08]} d5 {
[%emt 0:21:20]} 10. h3 {[%emt 0:08:30]} dxe4 {[%emt 0:04:54]} 11. hxg4 {
[%emt 0:01:06]} Bb4+ {[%emt 0:00:08]} 12. Nc3 {[%emt 0:08:34]} Nxg4 {[%emt 0:
02:27]} 13. e3 {[%emt 0:02:39]} e5 {[%emt 0:05:37]} 14. Bg5 {[%emt 0:01:06]} f6
{[%emt 0:01:57]} 15. Be2 {[%emt 0:02:37]} h5 {[%emt 0:03:00]} 16. c5 {[%emt 0:
07:16]} Bxc3+ {[%emt 0:11:46]} 17. bxc3 {[%emt 0:00:06]} Qxc5 {[%emt 0:00:10]}
18. Rc1 {[%emt 0:00:54]} Kf7 {[%emt 0:01:14]} 19. Qb3+ {[%emt 0:04:09]} Be6 {
[%emt 0:03:59]} 20. Qxb7+ {[%emt 0:00:15]} Qe7 {[%emt 0:00:06]} 21. Qxe4 {
[%emt 0:00:56]} fxg5 {[%emt 0:00:20]} 22. f3 {[%emt 0:00:41]} Nf6 {[%emt 0:00:
28]} 23. Qxe5 {[%emt 0:00:05]} g4 {[%emt 0:01:24]} 24. O-O {[%emt 0:01:51]} Bd5
{[%emt 0:01:50]} 25. f4 {[%emt 0:02:51]} Rhe8 {[%emt 0:01:55]} 26. c4 {[%emt 0:
00:20]} Bc6 {[%emt 0:00:33]} 0-1

[Event "European Individual Championship - Reyk"]
[Site "Reykjavik, Iceland"]
[Date "2021.08.27"]
[Round "2.34"]
[White "Ivic, Velimir"]
[Black "Juksta, Karolis"]
[Result "1-0"]
[WhiteElo "2571"]
[BlackElo "2438"]
[PlyCount "157"]
[EventDate "2021.??.??"]

1. e4 {[%emt 0:00:07]} e6 {[%emt 0:00:02]} 2. d4 {[%emt 0:00:05]} d5 {[%emt 0:
00:04]} 3. Nc3 {[%emt 0:00:12]} Nf6 4. e5 {[%emt 0:00:04]} Nfd7 {[%emt 0:00:06]
} 5. f4 {[%emt 0:00:09]} c5 {[%emt 0:00:01]} 6. Nf3 {[%emt 0:00:04]} Nc6 {
[%emt 0:00:05]} 7. Be3 {[%emt 0:00:04]} Be7 {[%emt 0:00:07]} 8. a3 {[%emt 0:00:
57]} O-O {[%emt 0:04:20]} 9. dxc5 {[%emt 0:01:26]} Bxc5 {[%emt 0:06:38]} 10.
Bxc5 {[%emt 0:00:24]} Nxc5 {[%emt 0:00:08]} 11. b4 {[%emt 0:01:09]} Nd7 {
[%emt 0:07:39]} 12. Bd3 {[%emt 0:00:07]} f6 {[%emt 0:12:53]} 13. O-O {[%emt 0:
00:20]} fxe5 {[%emt 0:04:55]} 14. Bxh7+ {[%emt 0:00:07]} Kxh7 {[%emt 0:05:46]}
15. Ng5+ {[%emt 0:00:05]} Kg8 {[%emt 0:00:05]} 16. Nxe6 {[%emt 0:00:06]} Qb6+ {
[%emt 0:00:48]} 17. Kh1 {[%emt 0:00:12]} Ne7 {[%emt 0:03:57]} 18. Nxf8 {
[%emt 0:01:04]} Nxf8 {[%emt 0:00:07]} 19. Nxd5 {[%emt 0:00:17]} Nxd5 {[%emt 0:
04:46]} 20. Qxd5+ {[%emt 0:00:06]} Be6 {[%emt 0:02:15]} 21. Qxe5 {[%emt 0:00:
14]} Nd7 {[%emt 0:00:29]} 22. Qg5 {[%emt 0:17:21]} Nf6 {[%emt 0:01:56]} 23.
Rae1 {[%emt 0:04:07]} Rd8 {[%emt 0:11:17]} 24. h3 {[%emt 0:09:26]} Rd7 {
[%emt 0:02:52]} 25. Rf3 {[%emt 0:06:55]} Bd5 {[%emt 0:07:30]} 26. Rfe3 {
[%emt 0:03:48]} Qd8 {[%emt 0:01:22]} 27. Kh2 {[%emt 0:09:09]} a6 {[%emt 0:05:
57]} 28. Rg3 {[%emt 0:11:15]} Qf8 {[%emt 0:01:39]} 29. Qe5 {[%emt 0:01:43]} Bc4
{[%emt 0:04:34]} 30. Rg5 {[%emt 0:09:20]} b5 {[%emt 0:01:43]} 31. Re3 {[%emt 0:
02:52]} Rf7 {[%emt 0:05:59]} 32. f5 {[%emt 0:07:14]} Qd8 {[%emt 0:02:58]} 33.
Reg3 {[%emt 0:09:34]} Kh8 {[%emt 0:01:05]} 34. Rg6 {[%emt 0:01:24]} Qc7 {
[%emt 0:01:34]} 35. Qd4 {[%emt 0:00:45]} Kg8 {[%emt 0:00:59]} 36. Qh4 {[%emt 0:
01:51]} Qd6 {[%emt 0:01:12]} 37. Qh6 {[%emt 0:04:02]} Qc7 {[%emt 0:00:28]} 38.
Kh1 {[%emt 0:00:59]} Re7 {[%emt 0:00:35]} 39. Re3 {[%emt 0:00:25]} Rxe3 {
[%emt 0:00:32]} 40. Qxe3 {[%emt 0:00:05]} Qd6 {[%emt 0:00:28]} 41. Qg3 {
[%emt 0:06:19]} Qe7 {[%emt 0:07:28]} 42. Kh2 {[%emt 0:05:49]} Bd5 {[%emt 0:01:
19]} 43. Qb8+ {[%emt 0:04:03]} Kh7 {[%emt 0:03:00]} 44. Qf4 {[%emt 0:01:35]}
Be4 {[%emt 0:16:32]} 45. Rg3 Bxc2 {[%emt 0:04:07]} 46. Rc3 {[%emt 0:03:06]} Be4
{[%emt 0:01:25]} 47. Rc7 {[%emt 0:05:19]} Qf8 {[%emt 0:00:48]} 48. Qe5 {
[%emt 0:01:23]} Kh8 {[%emt 0:04:59]} 49. Qc5 {[%emt 0:01:43]} Qb8 {[%emt 0:00:
14]} 50. Kg1 {[%emt 0:00:24]} Bxf5 {[%emt 0:00:09]} 51. Qe7 {[%emt 0:00:33]}
Qg8 {[%emt 0:01:10]} 52. Rb7 {[%emt 0:00:22]} Be4 {[%emt 0:00:29]} 53. Ra7 {
[%emt 0:00:35]} Qh7 {[%emt 0:00:31]} 54. Qf8+ {[%emt 0:00:33]} Ng8 {[%emt 0:00:
09]} 55. Rxa6 {[%emt 0:00:33]} Bb7 {[%emt 0:00:52]} 56. Rd6 {[%emt 0:00:29]}
Qb1+ {[%emt 0:00:26]} 57. Qf1 {[%emt 0:00:22]} Qe4 {[%emt 0:00:18]} 58. Qf2 {
[%emt 0:00:37]} Nh6 {[%emt 0:00:38]} 59. Rd8+ {[%emt 0:00:27]} Kh7 {[%emt 0:00:
08]} 60. Rf8 {[%emt 0:00:31]} Qb1+ {[%emt 0:00:52]} 61. Kh2 {[%emt 0:00:06]}
Be4 {[%emt 0:00:40]} 62. Rf4 {[%emt 0:00:45]} Bg6 {[%emt 0:00:20]} 63. Qd2 {
[%emt 0:00:43]} Qa1 {[%emt 0:00:31]} 64. Rf3 {[%emt 0:00:18]} Be4 {[%emt 0:00:
26]} 65. Rc3 {[%emt 0:00:41]} Qf1 {[%emt 0:00:43]} 66. Rc1 {[%emt 0:00:13]} Qf6
{[%emt 0:00:29]} 67. Rc5 {[%emt 0:00:21]} Qf1 {[%emt 0:00:28]} 68. Re5 {
[%emt 0:00:37]} Bg6 {[%emt 0:00:34]} 69. Re1 {[%emt 0:00:50]} Qf6 {[%emt 0:00:
12]} 70. Qe2 {[%emt 0:00:30]} Qf4+ {[%emt 0:00:15]} 71. Kg1 {[%emt 0:00:02]}
Nf5 {[%emt 0:00:37]} 72. Qf2 {[%emt 0:00:14]} Qc4 {[%emt 0:00:27]} 73. Re5 {
[%emt 0:01:00]} Qd3 {[%emt 0:00:46]} 74. Kh2 {[%emt 0:00:38]} Nh6 {[%emt 0:00:
42]} 75. Qf4 {[%emt 0:00:26]} Nf5 {[%emt 0:00:26]} 76. Rc5 {[%emt 0:00:24]} Nh6
{[%emt 0:00:33]} 77. Qe5 {[%emt 0:00:32]} Be4 {[%emt 0:00:35]} 78. Rc3 {
[%emt 0:00:35]} Qd2 {[%emt 0:00:33]} 79. Qxe4+ {[%emt 0:00:11]} 1-0

[Event "European Individual Championship - Reyk"]
[Site "Reykjavik, Iceland"]
[Date "2021.08.27"]
[Round "2.35"]
[White "Lubbe, Nikolas"]
[Black "Can, Emre"]
[Result "1/2-1/2"]
[WhiteElo "2427"]
[BlackElo "2569"]
[PlyCount "58"]
[EventDate "2021.??.??"]

1. c4 e6 {[%emt 0:00:28]} 2. g3 {[%emt 0:00:57]} d5 {[%emt 0:00:51]} 3. Bg2 {
[%emt 0:01:34]} Nf6 {[%emt 0:00:35]} 4. Nf3 {[%emt 0:00:31]} d4 {[%emt 0:01:06]
} 5. e3 {[%emt 0:02:48]} c5 {[%emt 0:00:42]} 6. exd4 {[%emt 0:01:45]} cxd4 {
[%emt 0:00:11]} 7. O-O {[%emt 0:00:30]} Nc6 {[%emt 0:00:20]} 8. d3 {[%emt 0:01:
24]} Bd6 {[%emt 0:01:13]} 9. Bg5 {[%emt 0:05:24]} h6 {[%emt 0:00:32]} 10. Bxf6
{[%emt 0:00:34]} Qxf6 {[%emt 0:00:12]} 11. Nbd2 {[%emt 0:03:32]} Qe7 {[%emt 0:
01:14]} 12. a3 {[%emt 0:08:21]} a5 {[%emt 0:00:31]} 13. Re1 {[%emt 0:11:32]}
O-O {[%emt 0:03:46]} 14. Nb3 {[%emt 0:03:37]} Qf6 {[%emt 0:02:32]} 15. Nfd2 {
[%emt 0:11:14]} Bc7 {[%emt 0:06:59]} 16. Nc5 {[%emt 0:01:00]} Qe7 {[%emt 0:12:
24]} 17. Na4 {[%emt 0:06:29]} Bd7 {[%emt 0:05:33]} 18. Nb3 {[%emt 0:07:10]}
Rfd8 {[%emt 0:15:32]} 19. Nbc5 {[%emt 0:04:39]} Bc8 {[%emt 0:01:16]} 20. b4 {
[%emt 0:04:52]} axb4 {[%emt 0:07:55]} 21. axb4 {[%emt 0:01:52]} Nxb4 {[%emt 0:
00:37]} 22. Nxb7 {[%emt 0:02:26]} Bxb7 {[%emt 0:04:54]} 23. Bxb7 {[%emt 0:00:
09]} Ra5 {[%emt 0:00:44]} 24. Be4 {[%emt 0:05:41]} Qe8 {[%emt 0:10:09]} 25. Re2
{[%emt 0:06:00]} Rb8 {[%emt 0:06:40]} 26. Nb2 {[%emt 0:03:10]} Na2 {[%emt 0:03:
56]} 27. Na4 {[%emt 0:00:06]} Nb4 {[%emt 0:02:04]} 28. Nb2 Na2 {[%emt 0:02:02]}
29. Na4 {[%emt 0:00:02]} Nb4 {[%emt 0:00:08]} 1/2-1/2

[Event "European Individual Championship - Reyk"]
[Site "Reykjavik, Iceland"]
[Date "2021.08.27"]
[Round "2.36"]
[White "Paichadze, Luka"]
[Black "Koellner, Ruben Gideon"]
[Result "1-0"]
[WhiteElo "2564"]
[BlackElo "2418"]
[PlyCount "121"]
[EventDate "2021.??.??"]

1. e4 d6 {[%emt 0:00:05]} 2. d4 {[%emt 0:00:46]} Nf6 {[%emt 0:00:06]} 3. Nc3 {
[%emt 0:00:10]} e5 {[%emt 0:00:06]} 4. Nf3 {[%emt 0:00:49]} Nbd7 {[%emt 0:00:
07]} 5. g4 {[%emt 0:00:56]} h6 {[%emt 0:00:15]} 6. g5 {[%emt 0:02:15]} hxg5 {
[%emt 0:00:07]} 7. Nxg5 {[%emt 0:06:14]} c6 {[%emt 0:00:10]} 8. Bc4 {[%emt 0:
05:45]} d5 {[%emt 0:01:03]} 9. exd5 {[%emt 0:00:22]} exd4 {[%emt 0:12:16]} 10.
dxc6 {[%emt 0:32:38]} Ne5 {[%emt 0:06:26]} 11. Qe2 {[%emt 0:00:37]} Qe7 {
[%emt 0:04:39]} 12. Nd5 {[%emt 0:07:19]} Nxd5 {[%emt 0:02:37]} 13. Bxd5 {
[%emt 0:00:05]} d3 {[%emt 0:38:09]} 14. cxd3 {[%emt 0:04:25]} bxc6 {[%emt 0:00:
50]} 15. Be4 {[%emt 0:02:52]} f5 {[%emt 0:05:33]} 16. Bg2 {[%emt 0:04:40]}
Nxd3+ {[%emt 0:00:23]} 17. Kd1 {[%emt 0:00:50]} Qxe2+ {[%emt 0:02:47]} 18. Kxe2
{[%emt 0:00:04]} Ne5 {[%emt 0:06:10]} 19. Kd1 {[%emt 0:12:40]} Ba6 {[%emt 0:02:
01]} 20. Kc2 {[%emt 0:02:32]} O-O-O {[%emt 0:05:56]} 21. Ne6 {[%emt 0:02:33]}
Re8 {[%emt 0:03:41]} 22. Nxf8 {[%emt 0:00:47]} Rhxf8 {[%emt 0:00:21]} 23. Be3 {
[%emt 0:02:03]} Nd3 {[%emt 0:04:53]} 24. Kc3 {[%emt 0:03:00]} f4 {[%emt 0:01:
02]} 25. Bxa7 {[%emt 0:00:36]} Re7 {[%emt 0:01:39]} 26. Bf1 {[%emt 0:04:42]}
Rd8 {[%emt 0:00:57]} 27. Bb6 {[%emt 0:00:20]} Rd5 {[%emt 0:00:41]} 28. Rd1 {
[%emt 0:00:24]} Kb7 {[%emt 0:00:48]} 29. Bxd3 {[%emt 0:00:23]} Bxd3 {[%emt 0:
00:24]} 30. Rxd3 {[%emt 0:00:10]} Kxb6 {[%emt 0:00:06]} 31. Rxd5 {[%emt 0:02:
16]} cxd5 {[%emt 0:00:02]} 32. Kd2 {[%emt 0:00:14]} Kc5 {[%emt 0:00:46]} 33.
Rc1+ {[%emt 0:01:58]} Kd4 {[%emt 0:00:14]} 34. Rc3 {[%emt 0:00:11]} g5 {
[%emt 0:00:27]} 35. h3 {[%emt 0:00:09]} Rb7 {[%emt 0:01:09]} 36. Rb3 {[%emt 0:
01:05]} Ra7 {[%emt 0:00:10]} 37. a3 {[%emt 0:01:14]} Ke4 {[%emt 0:00:16]} 38.
Ke2 {[%emt 0:00:26]} Rc7 {[%emt 0:00:42]} 39. Rb4+ {[%emt 0:00:52]} d4 {
[%emt 0:00:58]} 40. f3+ {[%emt 0:00:13]} Ke5 {[%emt 0:00:46]} 41. Kd3 {[%emt 0:
02:45]} Rc1 {[%emt 0:01:53]} 42. Rb5+ {[%emt 0:00:10]} Kf6 {[%emt 0:00:14]} 43.
Kxd4 {[%emt 0:01:36]} Rd1+ {[%emt 0:00:56]} 44. Kc4 {[%emt 0:01:07]} Rc1+ {
[%emt 0:00:39]} 45. Kd3 {[%emt 0:04:00]} Rf1 {[%emt 0:03:03]} 46. Ke2 {[%emt 0:
01:18]} Rh1 {[%emt 0:00:03]} 47. a4 {[%emt 0:00:45]} Rxh3 {[%emt 0:00:41]} 48.
a5 {[%emt 0:00:34]} Rh2+ {[%emt 0:01:30]} 49. Kd3 {[%emt 0:01:47]} Rf2 {
[%emt 0:00:10]} 50. Ke4 {[%emt 0:02:33]} Re2+ {[%emt 0:00:14]} 51. Kd4 {
[%emt 0:00:05]} Rd2+ {[%emt 0:00:05]} 52. Kc3 {[%emt 0:11:11]} Rd1 {[%emt 0:00:
11]} 53. b4 {[%emt 0:08:22]} Ra1 54. Kb2 Ra4 55. Kb3 Ra1 56. Rd5 Rb1+ 57. Ka4
Ra1+ {[%emt 0:00:49]} 58. Kb5 {[%emt 0:00:11]} Ra3 {[%emt 0:00:03]} 59. a6 {
[%emt 0:00:09]} Rxf3 {[%emt 0:00:32]} 60. a7 {[%emt 0:00:15]} Ra3 {[%emt 0:00:
05]} 61. Rd6+ {[%emt 0:00:04]} 1-0

[Event "European Individual Championship - Reyk"]
[Site "Reykjavik, Iceland"]
[Date "2021.08.27"]
[Round "2.37"]
[White "Mazur, Stefan"]
[Black "Pantsulaia, Levan"]
[Result "1/2-1/2"]
[WhiteElo "2416"]
[BlackElo "2564"]
[PlyCount "89"]
[EventDate "2021.??.??"]

1. e4 {[%emt 0:00:02]} c5 {[%emt 0:00:12]} 2. Nf3 {[%emt 0:00:16]} e6 {[%emt 0:
00:13]} 3. d4 {[%emt 0:00:12]} cxd4 {[%emt 0:00:08]} 4. Nxd4 {[%emt 0:00:07]}
a6 {[%emt 0:00:04]} 5. Bd3 {[%emt 0:00:29]} Qc7 {[%emt 0:01:00]} 6. O-O {
[%emt 0:01:07]} Nf6 {[%emt 0:00:04]} 7. Qe2 {[%emt 0:01:24]} d6 {[%emt 0:00:30]
} 8. f4 {[%emt 0:00:46]} Nbd7 {[%emt 0:02:38]} 9. c4 {[%emt 0:00:42]} Be7 {
[%emt 0:17:20]} 10. b3 {[%emt 0:00:53]} O-O {[%emt 0:05:01]} 11. Bb2 {[%emt 0:
01:08]} Re8 {[%emt 0:06:21]} 12. Nc3 {[%emt 0:03:13]} Qc5 {[%emt 0:14:51]} 13.
Na4 {[%emt 0:03:45]} Qh5 {[%emt 0:00:06]} 14. Qe1 {[%emt 0:25:59]} Bd8 {
[%emt 0:06:50]} 15. Rf3 {[%emt 0:13:33]} Nf8 {[%emt 0:10:37]} 16. e5 {[%emt 0:
12:25]} dxe5 {[%emt 0:19:46]} 17. Rh3 {[%emt 0:01:51]} Qxh3 {[%emt 0:00:06]}
18. gxh3 {[%emt 0:00:16]} exd4 {[%emt 0:00:04]} 19. Bxd4 {[%emt 0:01:53]} Ng6 {
[%emt 0:00:04]} 20. Bxg6 {[%emt 0:06:55]} hxg6 {[%emt 0:00:04]} 21. Rd1 {
[%emt 0:07:14]} b5 {[%emt 0:05:43]} 22. Nc5 {[%emt 0:01:19]} Bc7 {[%emt 0:02:
10]} 23. Bxf6 {[%emt 0:02:34]} gxf6 {[%emt 0:00:05]} 24. Ne4 {[%emt 0:00:21]}
Kg7 {[%emt 0:00:36]} 25. Qh4 {[%emt 0:02:25]} f5 {[%emt 0:00:06]} 26. Qf6+ {
[%emt 0:01:01]} Kg8 {[%emt 0:00:05]} 27. Nd6 {[%emt 0:01:23]} Bxd6 {[%emt 0:03:
12]} 28. Rxd6 {[%emt 0:00:08]} bxc4 {[%emt 0:00:13]} 29. bxc4 {[%emt 0:00:46]}
e5 {[%emt 0:00:40]} 30. fxe5 {[%emt 0:03:11]} Rb8 {[%emt 0:00:24]} 31. c5 {
[%emt 0:04:46]} Rb1+ {[%emt 0:02:14]} 32. Kf2 {[%emt 0:00:07]} Rb2+ {[%emt 0:
00:04]} 33. Kg3 {[%emt 0:01:50]} f4+ {[%emt 0:00:55]} 34. Qxf4 {[%emt 0:00:29]}
Rxa2 {[%emt 0:00:42]} 35. c6 {[%emt 0:02:35]} Rc2 {[%emt 0:03:42]} 36. Qf6 {
[%emt 0:00:31]} Be6 {[%emt 0:00:15]} 37. Rd4 {[%emt 0:00:24]} Rb8 {[%emt 0:00:
26]} 38. Rd8+ {[%emt 0:00:40]} Rxd8 {[%emt 0:00:05]} 39. Qxd8+ {[%emt 0:00:04]}
Kg7 {[%emt 0:01:13]} 40. c7 {[%emt 0:01:02]} a5 {[%emt 0:00:51]} 41. c8=Q {
[%emt 0:03:43]} Rxc8 {[%emt 0:00:52]} 42. Qxa5 {[%emt 0:00:09]} Rh8 {[%emt 0:
00:27]} 43. h4 {[%emt 0:00:20]} Rh5 {[%emt 0:00:07]} 44. Qd8 {[%emt 0:00:28]}
Rxe5 {[%emt 0:00:33]} 45. Qd4 {[%emt 0:00:18]} 1/2-1/2

[Event "European Individual Chess Championship "]
[Site "Reykjavik, Iceland"]
[Date "2021.08.27"]
[Round "2.41"]
[White "Martinovic, Sasa"]
[Black "Wecker, Martin"]
[Result "1/2-1/2"]
[WhiteElo "2548"]
[BlackElo "2195"]
[PlyCount "51"]
[EventDate "2021.08.26"]

1. d4 Nf6 2. c4 e6 3. Nc3 Bb4 4. Nf3 d5 5. Qa4+ Nc6 6. a3 Bxc3+ 7. bxc3 dxc4 8.
Qxc4 Qd5 9. e3 Qxc4 10. Bxc4 Na5 11. Ba2 b6 12. Bb2 Ba6 13. Nd2 O-O 14. f3 Rac8
15. Kf2 c5 16. Rac1 Rc7 17. e4 Rfc8 18. Bb1 Nc4 19. Nxc4 Bxc4 20. g4 b5 21. h4
Nd7 22. Rce1 Nb6 23. Bc1 Bb3 24. g5 Rd7 25. dxc5 Rxc5 26. Be3 1/2-1/2

[Event "European Individual Chess Championship "]
[Site "Reykjavik, Iceland"]
[Date "2021.08.27"]
[Round "2.42"]
[White "Sargissian, Gabriel"]
[Black "Kueng, Nicolas"]
[Result "1-0"]
[WhiteElo "2682"]
[BlackElo "2005"]
[PlyCount "75"]
[EventDate "2021.08.26"]

1. d4 Nf6 2. Nf3 g6 3. c4 Bg7 4. g3 O-O 5. Bg2 d6 6. Nc3 Nc6 7. O-O e5 8. dxe5
dxe5 9. Bg5 h6 10. Bxf6 Qxf6 11. e3 Be6 12. Qa4 Rad8 13. Rad1 Qe7 14. Nd5 Qc5
15. Nd2 Bxd5 16. cxd5 Qb4 17. Qc2 Ne7 18. Nb3 c6 19. d6 Nf5 20. d7 Qe7 21. Qd3
h5 22. Rd2 Bf6 23. Rfd1 Kg7 24. Qc4 Bg5 25. Rd3 Rb8 26. Nc5 Rfd8 27. Bh3 Qf8
28. Ne4 Be7 29. Qc3 f6 30. Bxf5 gxf5 31. Nd6 Kg6 32. Qc2 e4 33. Rd4 Rxd7 34.
Nxf5 Rxd4 35. Rxd4 Kxf5 36. Qxe4+ Kg5 37. Qh7 f5 38. Rf4 1-0

[Event "European Individual Chess Championship "]
[Site "Reykjavik, Iceland"]
[Date "2021.08.27"]
[Round "2.43"]
[White "Krastev, Alexander"]
[Black "Nisipeanu, Liviu-Dieter"]
[Result "0-1"]
[WhiteElo "2389"]
[BlackElo "2671"]
[PlyCount "56"]
[EventDate "2021.08.26"]

1. e4 e6 2. Nc3 d5 3. Nf3 Nf6 4. e5 Nfd7 5. d4 c5 6. dxc5 Nc6 7. Bf4 Nxc5 8.
Bd3 Be7 9. h4 f6 10. Qe2 fxe5 11. Bxe5 Nxd3+ 12. Qxd3 O-O 13. Bg3 d4 14. Ne4
Nb4 15. Qe2 b6 16. Neg5 Qd5 17. Rd1 Bxg5 18. Rxd4 Qa5 19. c3 Be7 20. Qe4 Nd5
21. Ng5 g6 22. O-O Bd7 23. b4 Qxa2 24. c4 Nc3 25. Qb7 Ne2+ 26. Kh2 Nxd4 27.
Qxd7 Bxg5 28. hxg5 Rad8 0-1

[Event "European Individual Chess Championship "]
[Site "Reykjavik, Iceland"]
[Date "2021.08.27"]
[Round "2.44"]
[White "Samadov, Read"]
[Black "Lupulescu, Constantin"]
[Result "*"]
[WhiteElo "2360"]
[BlackElo "2659"]
[PlyCount "146"]
[EventDate "2021.08.26"]

1. d4 Nf6 2. c4 e6 3. g3 c5 4. Nf3 cxd4 5. Nxd4 Bb4+ 6. Bd2 Be7 7. Bg2 Nc6 8.
Bc3 O-O 9. O-O d5 10. cxd5 Nxd5 11. Nxc6 bxc6 12. Qc2 Ba6 13. Rc1 Qb6 14. Be1
Rab8 15. Qxc6 Qxb2 16. Nc3 Nxc3 17. Bxc3 Qa3 18. Qf3 Rfc8 19. Bd2 Rxc1+ 20.
Bxc1 Qxf3 21. exf3 Bc5 22. Be3 Bxe3 23. fxe3 Rb2 24. Rd1 g6 25. Rd7 Bb7 26. e4
a5 27. Bf1 g5 28. h3 a4 29. Bc4 h5 30. g4 h4 31. Kf1 Bc6 32. Rc7 Bb5 33. Bxb5
Rxb5 34. Rc2 a3 35. Ke2 Rb1 36. Ke3 Kg7 37. Rc3 Rh1 38. Rxa3 Rxh3 39. Ra5 Kf6
40. e5+ Kg7 41. Rc5 Rh2 42. a4 Ra2 43. a5 f6 44. Rc7+ Kg6 45. exf6 Rxa5 46. f7
Ra3+ 47. Ke4 Ra4+ 48. Ke3 Ra3+ 49. Ke4 Ra4+ 50. Ke3 Ra8 51. Re7 Kf6 52. Re8
Ra3+ 53. Ke4 Kxf7 54. Rh8 Kg7 55. Rh5 Kg6 56. Rh8 Ra7 57. Rg8+ Kf6 58. Rf8+ Kg7
59. Rb8 Ra1 60. Ke3 Ra3+ 61. Ke4 Ra2 62. Ke3 h3 63. Rb7+ Kg6 64. Re7 Kf6 65.
Rh7 h2 66. Ke4 Ra4+ 67. Ke3 Ke5 68. Rxh2 Ra3+ 69. Kf2 Ra2+ 70. Kg3 Rxh2 71.
Kxh2 Kf4 72. Kg2 Ke3 73. Kg3 e5 *

[Event "European Individual Chess Championship "]
[Site "Reykjavik, Iceland"]
[Date "2021.08.27"]
[Round "2.45"]
[White "Kaasen, Tor Fredrik"]
[Black "Saric, Ivan"]
[Result "0-1"]
[WhiteElo "2406"]
[BlackElo "2653"]
[PlyCount "60"]
[EventDate "2021.08.26"]

1. d4 Nf6 2. c4 g6 3. Nc3 Bg7 4. e4 d6 5. Nf3 O-O 6. h3 e5 7. d5 a5 8. g4 Nfd7
9. Be3 Nc5 10. Rg1 Nba6 11. a3 Bd7 12. Nd2 Kh8 13. g5 f5 14. f3 a4 15. h4 h5
16. exf5 Bxf5 17. Nce4 c6 18. Ng3 Qa5 19. Nxf5 Rxf5 20. Kf2 e4 21. Bh3 Rff8 22.
Kg2 cxd5 23. cxd5 exf3+ 24. Nxf3 Rae8 25. Re1 Qb5 26. Nd4 Qc4 27. Ne6 Nxe6 28.
dxe6 Qe4+ 29. Kg1 Qxh4 30. Bg2 Be5 0-1

[Event "European Individual Chess Championship "]
[Site "Reykjavik, Iceland"]
[Date "2021.08.27"]
[Round "2.46"]
[White "Gajewski, Grzegorz"]
[Black "Maltsevskaya, Aleksandra"]
[Result "1-0"]
[WhiteElo "2617"]
[BlackElo "2409"]
[PlyCount "87"]
[EventDate "2021.08.26"]

1. d4 Nf6 2. c4 e6 3. Nf3 b6 4. g3 Bb7 5. Bg2 Be7 6. O-O O-O 7. Re1 d5 8. cxd5
exd5 9. Nc3 Ne4 10. Nd2 f5 11. Ndxe4 fxe4 12. Bf4 Bd6 13. Bxd6 Qxd6 14. f3 exf3
15. exf3 Nc6 16. f4 Ne7 17. Re5 c6 18. Qd3 Bc8 19. Rae1 Bf5 20. Qe2 Ng6 21. Re3
Rad8 22. h4 Bd7 23. h5 Nh8 24. a3 Nf7 25. Bf3 Qf6 26. Qd3 Bf5 27. Qd1 Nd6 28.
Kf2 Bc8 29. b3 Kh8 30. Re5 Nf7 31. Re7 c5 32. Nxd5 Qxd4+ 33. Qxd4 cxd4 34. Rxa7
Nd6 35. h6 gxh6 36. Ree7 Bf5 37. Nxb6 d3 38. g4 d2 39. gxf5 Nxf5 40. Rxh7+ Kg8
41. Rhd7 Ne3 42. Kg3 Rxd7 43. Rxd7 Rb8 44. Nc4 1-0

[Event "European Individual Chess Championship "]
[Site "Reykjavik, Iceland"]
[Date "2021.08.27"]
[Round "2.47"]
[White "Mamedov, Nidjat"]
[Black "Milikow, Elie"]
[Result "1-0"]
[WhiteElo "2595"]
[BlackElo "2242"]
[PlyCount "75"]
[EventDate "2021.08.26"]

1. e4 c5 2. Nf3 Nc6 3. Bb5 e6 4. O-O Nge7 5. d4 cxd4 6. Nxd4 Ng6 7. Be2 Be7 8.
c4 O-O 9. Nc3 a6 10. Be3 d6 11. Nc2 e5 12. Nd5 Be6 13. Qd2 h6 14. Nxe7+ Qxe7
15. Rfd1 Rad8 16. Bb6 Rd7 17. Ne3 Nf4 18. Bf1 Qg5 19. Kh1 f5 20. exf5 Bxf5 21.
Nxf5 Qxf5 22. Qe3 Kh8 23. Rd2 d5 24. g3 d4 25. Qf3 Qh5 26. Bg2 Qxf3 27. Bxf3
Ng6 28. Kg2 Rf6 29. Bc5 Nd8 30. Ba3 Ne6 31. Re1 Ng5 32. Bg4 Rdf7 33. h4 Nf3 34.
Bxf3 Rxf3 35. h5 Nf8 36. Rxe5 Nd7 37. Rd5 Kh7 38. Rxd7 1-0

[Event "European Individual Chess Championship "]
[Site "Reykjavik, Iceland"]
[Date "2021.08.27"]
[Round "2.48"]
[White "Dragnev, Valentin"]
[Black "Pappelis, Dimitrios"]
[Result "1-0"]
[WhiteElo "2557"]
[BlackElo "2160"]
[PlyCount "79"]
[EventDate "2021.08.26"]

1. e4 c6 2. d4 d5 3. e5 Bf5 4. Nf3 e6 5. Be2 Nd7 6. O-O Ne7 7. Nbd2 h6 8. Nb3
Bh7 9. a4 Nf5 10. a5 a6 11. Bd3 g5 12. c4 g4 13. Ne1 h5 14. cxd5 cxd5 15. Nc2
Rc8 16. Ne3 Nh4 17. Bxh7 Rxh7 18. Qd3 Rg7 19. Bd2 Ng6 20. Rfc1 Nb8 21. Rxc8
Qxc8 22. Rc1 Nc6 23. g3 Be7 24. Nc5 Ngxe5 25. dxe5 Nxe5 26. Qe2 Nf3+ 27. Kh1 d4
28. Nd3 Qd8 29. Ng2 h4 30. Nge1 Nxd2 31. Qxd2 Bg5 32. Nf4 Qd5+ 33. Kg1 e5 34.
Rc8+ Kd7 35. Rc7+ Kd8 36. Nxd5 Bxd2 37. Nd3 Bxa5 38. Re7 e4 39. Ne5 d3 40.
Nxf7+ 1-0

[Event "European Individual Chess Championship "]
[Site "Reykjavik, Iceland"]
[Date "2021.08.27"]
[Round "2.49"]
[White "Bosiocic, Marin"]
[Black "Domalchuk-Jonasson, Aleksandr"]
[Result "1-0"]
[WhiteElo "2610"]
[BlackElo "2052"]
[PlyCount "97"]
[EventDate "2021.08.26"]

1. d4 Nf6 2. c4 e6 3. Nf3 a6 4. Bg5 d5 5. e3 Nbd7 6. cxd5 exd5 7. Nc3 Be7 8.
Bd3 O-O 9. h3 c6 10. Qe2 Re8 11. O-O Nf8 12. Rab1 g6 13. b4 Ne6 14. Bh4 Ng7 15.
a4 Bf5 16. b5 axb5 17. axb5 Bxd3 18. Qxd3 Nf5 19. Bg5 Ne4 20. Bxe7 Qxe7 21.
bxc6 bxc6 22. Qc2 Nxc3 23. Qxc3 Ra6 24. Ra1 Rea8 25. Rxa6 Rxa6 26. Ne5 Qb7 27.
Rc1 Ne7 28. Qc5 f6 29. Nd3 Kf7 30. Qd6 Nf5 31. Qf4 Rb6 32. g4 Ng7 33. Nc5 Qb8
34. Qxb8 Rxb8 35. Ra1 Rc8 36. Ra7+ Kg8 37. Kg2 Ne8 38. Re7 h6 39. Nd7 Kh8 40.
f4 Rd8 41. Kf3 Rc8 42. Ke2 Ra8 43. Kd3 Ra3+ 44. Kc2 Ra8 45. Kb3 h5 46. Kb4 hxg4
47. hxg4 Rc8 48. Kc5 g5 49. f5 1-0

[Event "European Individual Chess Championship "]
[Site "Reykjavik, Iceland"]
[Date "2021.08.27"]
[Round "2.50"]
[White "Johannsdottir, Johanna Bjorg"]
[Black "Banusz, Tamas"]
[Result "0-1"]
[WhiteElo "2019"]
[BlackElo "2631"]
[PlyCount "54"]
[EventDate "2021.08.26"]

1. e4 d5 2. exd5 Qxd5 3. Nc3 Qd6 4. d4 Nf6 5. Nf3 c6 6. Ne5 Nbd7 7. f4 a6 8.
Bc4 e6 9. O-O b5 10. Be2 Bb7 11. Bf3 Be7 12. Be3 O-O 13. Bf2 Qc7 14. Qd3 Rad8
15. Rad1 c5 16. Bxb7 Qxb7 17. Qe2 cxd4 18. Bxd4 Nxe5 19. Bxe5 b4 20. Rxd8 Rxd8
21. Nd1 Bc5+ 22. Kh1 Ne4 23. Rf3 Rd2 24. Qe1 Qd5 25. Ne3 Bxe3 26. Rxe3 Nf2+ 27.
Kg1 Nh3+ 0-1